000 00331nam a22001337a 4500
003 OSt
008 250303b |||||||| |||| 00| 0 eng d
100 _aMOHAN, Lalit
245 _aMaterial Science & Quantum
260 _aNew Delhi,
_bNaples Indian:
_c2024.
300 _a371p.
650 _aFaculty Publication
942 _2ddc
_cBK
999 _c13172
_d13172